000 00709nam a22002537a 4500
003 UA-OsUOA
001 96714
007 ta
008 20130321b un ||||| |||| 00| 0 ukr d
100 _aШаповал Ю.
090 _a94(477).07
_bШ24
942 _cBK
040 _aUA-OsUOA
_bukr
_cUA-OsUOA
_dUA-OsUOA
245 _aУкраїна ХХ століття
300 _a560 с.
955 _a1
041 _aukr
080 _a94(477).07
020 _a966-504-014-6
260 _aК.
_bГенеза
_c2001
246 3 1 _aОсоби та події в контексті важкої історії
_n
650 7 _a9 Географія. Біографії. Історія
_2UDC
999 _c382967
_d382967